000 00493nam a2200121Ia 4500
008 160712s9999 xx 000 0 und d
100 _aMaceda, Teresita Gimenez.
245 _cTeresita Gimenez Maceda
_aPagkanta ng Tunay na Totoo sa mga Lipunang Sinilensyo: Ang Kaso ng Chile, Argentina at Pilipinas
260 _c2015
_bSocial Science Diliman
300 _avol. 11 no. 2
650 _xSOCIAL SCIENCE
856 _uhttp://journals.upd.edu.ph/index.php/socialsciencediliman/issue/view/510/showToc
999 _c297114
_d297114